000 00695nam a2200229Ia 4500
005 20260429112029.0
008 260429s9999||||xx |||||||||||||| ||und||
020 _a9781032137582
041 _aEnglish
082 _a628.3
_bKUM
100 _aKumar, Vineet
245 0 _aMicrobial technologies for wastewater recycling and management :
_brecent trends, challenges, and perspectives /
_cVineet Kumar
250 _a1st ed.
260 _aBoca Raton :
_bCRC Press,
_c2023.
300 _axx, 350 p.; hb
650 _a Sewage treatment
650 _a Wastewater recycling
650 _a Wastewater treatment
650 _aSanitary engineering
700 _a Singh, Joginder
942 _cTB
999 _c51981
_d51981